Statistiken für Flaggen der Bundesländer Deutschlands

Klicken Sie hier um das Quiz zu spielen!

Allgemein

  • Dieses Quiz wurde 471 mal gespielt
  • Das Durchschnittsergebnis liegt bei 14 aus 16

Antwortstatistiken

Antwort% Korrekt
Berlin
98%
Bayern
97%
Hamburg
94%
Sachsen
94%
Sachsen Anhalt
92%
Thüringen
92%
Hessen
91%
Niedersachsen
91%
Bremen
90%
Brandenburg
89%
Mecklenburg Vorpommern
87%
Nordrhein Westfalen
87%
Saarland
87%
Schleswig Holstein
87%
Baden Württemberg
84%
Rheinland Pfalz
84%

Verteilung der Resultate

Perzentil nach korrekt beantworteten Fragen

Anzahl Personen mit jedem Resultat

Ihre Resultats-Entwicklung

Sie haben dieses Quiz noch nicht gespielt